Sacerdocio y laicado

Gardado en:
Detalles Bibliográficos
Autor Principal: Congar, Yves Marie-Joseph (autor)
Formato: Libro
Idioma:Lingua castelá
Publicado: Barcelona, España Estela 1964
Series:Colección Ecclesia, 7
Subjects:
Tags: Engadir etiqueta
Sen Etiquetas, Sexa o primeiro en etiquetar este rexistro!

MARC

LEADER 00000nam a2200000 a 4500
001 UCR3097
003 CL-VaPUC
005 20240531104944.0
008 980123e19640000SP |||||||||||||||||spa|d
999 |c 266203  |d 266201 
040 |c Pontificia Universidad Católica de Valparaíso 
082 0 4 |a 253.2 CON 1964  |2 21 
100 0 |a Congar, Yves Marie-Joseph  |e autor  |9 395176 
245 1 0 |a Sacerdocio y laicado 
260 0 3 |a Barcelona, España  |b Estela  |c 1964 
300 |a 463 páginas 
490 0 |a Colección Ecclesia,   |v 7 
583 |a last modification  |c 19980123 00:00:00  |k Rodrigo Vera 
650 0 |a Sacerdocio  |9 319738 
650 7 |a EVANGELIO  |2 CL-VaPUC  |9 368586 
650 0 |a Apostolado  |9 398055 
650 7 |a EVANGELIZACION  |2 CL-VaPUC  |9 401909 
650 7 |a LITURGIA  |2 CL-VaPUC  |9 401910 
650 0 |a Cristianismo  |9 257361 
650 0 |a Laicado  |9 401911 
650 0 |a Acción católica  |9 257808 
942 |c BK  |2 ddc 
945 |d 19980123 00:00:00  |a rleighto 
952 |0 0  |1 0  |2 ddc  |4 0  |6 253_200000000000000_CON_1964  |7 0  |8 A  |9 297605  |a BIBTEO  |b BIBTEO  |d 2019-11-20  |i 3382141  |o 253.2 CON 1964  |p 3382141  |r 2025-01-17  |t 2  |w 2019-11-20  |y BK  |k ICR 
952 |0 0  |1 0  |2 ddc  |4 0  |6 253_200000000000000_CON_1964  |7 0  |8 A  |9 297606  |a BIBTEO  |b BIBTEO  |d 2019-11-20  |i 2080443  |o 253.2 CON 1964  |p 2080443  |r 2025-01-17  |t 1  |w 2019-11-20  |y BK  |k ICR